|
|
|
|
| LEADER |
00712nab a2200181 i 4500 |
| 001 |
misc73456 |
| 005 |
20241127131853.0 |
| 008 |
241127s1954 hu o 000 eng d |
| 040 |
|
|
|a SZTE Miscellanea Repozitórium
|b hun
|
| 041 |
|
|
|a eng
|
| 100 |
1 |
|
|a McLaughlin Jane A.
|
| 245 |
1 |
4 |
|a The quenching of fluorescence by flavonoids and other substances
|h [elektronikus dokumentum] /
|c McLaughlin Jane A.
|
| 260 |
|
|
|a Dr. W. Junk
|b Den Haag
|c 1954-05-15
|
| 300 |
|
|
|a 384-391
|
| 490 |
0 |
|
|a Enzymologia : Acta Biocatalytica
|v 16 No. 6
|
| 561 |
|
|
|a Szent-Györgyi Albert tudományos és egyéb írásai
|
| 700 |
0 |
2 |
|a Szent-Györgyi Albert
|e aut
|
| 856 |
4 |
0 |
|u http://misc.bibl.u-szeged.hu/73456/1/szgya_amerikai_066.pdf
|z Dokumentum-elérés
|